Normal view
MARC view
- Ilango, S
Entry Personal Name
001 - CONTROL NUMBER
- control field: 83747
003 - CONTROL NUMBER IDENTIFIER
- control field: NUST
005 - DATE AND TIME OF LATEST TRANSACTION
- control field: 20211109150413.0
008 - FIXED-LENGTH DATA ELEMENTS
- fixed length control field: 211109|| aca||aabn | a|a d
040 ## - CATALOGING SOURCE
- Original cataloging agency: NUST
- Transcribing agency: NUST
100 ## - HEADING--PERSONAL NAME
- Personal name: Ilango, S
670 ## - SOURCE DATA FOUND
- Source citation: Work cat.: (NUST)33679: Ilango, S, Introduction to Hydraulics and Pneumatics, 2011
